000 00543nam a2200181Ia 4500
008 220216s9999 xx 000 0 und d
100 _aZaouai S
245 0 _aHardened and transfer properties of self-compacting concretes containing pre-coated rubber aggregates with crushed dune sand
260 _bJournal of Rubber Research
_c2020
300 _a12-May
500 _aSource Year: 2020
650 _aPre-coated rubber
700 _aBenmerioul F
700 _aMakani A
700 _aTafraoui A
856 _udetails only
942 _cJS
999 _c60222
_d60222